000
00327pab a2200145 454500
008
180718b1989 xxu||||| |||| 00| 0 eng d
100
_a
Khanna, C.P.
245
_a
Vocationalisation of education
260
_c
1989
300
_a
11
362
_a
1 May
650
_a
Vocational Education
773
_a
Yojana
909
_a
20305
999
_c
20305
_d
20305